Upepet (Record no. 105)
[ view plain ]
| 000 -LEADER | |
|---|---|
| campo de control de longitud fija | 00361 a2200121 4500 |
| 082 ## - NÚMERO DE LA CLASIFICACIÓN DECIMAL DEWEY | |
| Número de clasificación | 861.82 |
| Número de ítem | C963u |
| 100 ## - ENTRADA PRINCIPAL--NOMBRE DE PERSONA | |
| Nombre de persona | Cucurto, Washington |
| 9 (RLIN) | 526 |
| 245 ## - MENCIÓN DEL TÍTULO | |
| Título | Upepet |
| Resto del título | noticias del Paraguay |
| 260 ## - PUBLICACIÓN, DISTRIBUCIÓN, ETC. | |
| Lugar de publicación, distribución, etc. | Argentina |
| Nombre del editor, distribuidor, etc. | Ediciones VOX |
| Fecha de publicación, distribución, etc. | 2012 |
| 300 ## - DESCRIPCIÓN FÍSICA | |
| Extensión | 34 p |
| Otras características físicas | il (a color) |
| Dimensiones | 20 cm |
| 650 ## - PUNTO DE ACCESO ADICIONAL DE MATERIA--TÉRMINO DE MATERIA | |
| Término de materia o nombre geográfico como elemento de entrada | Literatura |
| Subdivisión general | Poesa̕ |
| Subdivisión geográfica | Argentina - Paraguay |
| 9 (RLIN) | 541 |
| 700 ## - ENTRADA AGREGADA--NOMBRE PERSONAL | |
| Nombre de persona | Washington Cucurto |
| 9 (RLIN) | 527 |
| Estatus retirado | Estado de pérdida | Fuente del sistema de clasificación o colocación | Estado de daño | No para préstamo | Biblioteca de origen | Biblioteca actual | Ubicación en estantería | Fecha de adquisición | Total de préstamos | Signatura topográfica completa | Código de barras | Visto por última vez | Precio de reemplazo | Tipo de ítem Koha |
|---|---|---|---|---|---|---|---|---|---|---|---|---|---|---|
| Clasificación Decimal Dewey | Biblioteca LadoV | Biblioteca LadoV | 05/05/2014 | 861.82 C963u | 003956 | 05/05/2014 | 05/05/2014 | Material 01 |
